| 000 | 01196nam a22003377a 4500 | ||
|---|---|---|---|
| 003 | CHAP | ||
| 005 | 20220329135048.0 | ||
| 008 | 971013s1979 r 00010 d | ||
| 010 | _a30323 | ||
| 011 | _a31295 | ||
| 035 | _a35407 | ||
| 040 | _cCHAP | ||
| 082 |
_a335.4 _bM34 |
||
| 100 | 0 | 0 |
_aMandel, Ernest. _970346 |
| 245 | _aIntroducción al marxismo | ||
| 260 |
_aMadrid : _bAkal, _c1979 |
||
| 300 | _a223 p | ||
| 490 |
_aAkal 74 _v; 136 |
||
| 590 |
_aBATCH-UPD _b10 _c20130109 _lUCH01 _h2349 |
||
| 590 |
_aBATCH-UPD _b10 _c20130110 _lUCH01 _h1840 |
||
| 590 |
_aCONVERSION _b10 _c20130109 _lUCH01 _h1317 |
||
| 650 | 1 | 4 |
_aMarxismo. _972728 |
| 830 | 0 |
_aAkal 74 _v; 136 _93265 |
|
| 901 | _aBK | ||
| 942 | _cLIBRO | ||
| 949 |
_a335.4 M34 _bBC _cLIBRO _d33724000359733 _eLIBRO _fc.5 _gI.c/e _h66898 _i35407 _si _t1000.00 |
||
| 949 |
_a335.4 M34 _bBC _cLIBRO _d33724000359741 _eLIBRO _fc.4 _gI.c/e _h66897 _i35407 _si _t1000.00 |
||
| 949 |
_a335.4 M34 _bBC _cLIBRO _d33724000359758 _eLIBRO _fc.3 _gI.c/e _h64610 _i35407 _si _t1000.00 |
||
| 949 |
_a335.4 M34 _bBC _cLIBRO _d33724000359766 _eLIBRO _fc.2 _gI.c/e _h64609 _i35407 _si _t1000.00 |
||
| 949 |
_a335.4 M34 _bBC _cLIBRO _d33724000359774 _eLIBRO _gI.c/e _h64602 _i35407 _si _t1000.00 |
||
| 999 |
_c30323 _d30323 |
||